000 00561nam a2200205Ia 4500
003 BUBTL
008 151213s9999 xx 000 0 und d
020 _a81-7663-641-x
082 _a657.42
_bJAA
100 _aS.P. Jain & K.L. Narang
245 _aAdvanced accountancy
_cS.P. Jain & K.L. Narang
260 _aNew Delhi
_bKalyani
300 _a942 p.
_bill , 25cm .
_cAccounting .
650 _aAccounting
650 _aAccounting
700 _aS.P. Jain & K.L. Narang
856 _k0
_l0
_yDownload
942 _2ddc
_cBK
999 _c985
_d985